书目信息 |
| 题名: |
单片机的C语言程序设计与应用
|
|
| 作者: | 姜志海 , 赵艳雷 , 陈松 编著 | |
| 分册: | ||
| 出版信息: | 北京 电子工业出版社 2015.07 |
|
| 页数: | 231页 | |
| 开本: | 26cm | |
| 丛书名: | ||
| 单 册: | ||
| 中图分类: | TP312 , TP368.102.1-43 | |
| 科图分类: | ||
| 主题词: | 单片微型计算机--dan pian wei xing ji suan ji--C语言--程序设计--高等学校--教材 , 单片微型计算机--dan pian wei xing ji suan ji--系统仿真--应用软件--PROTEUS--高等学校--教材 | |
| 电子资源: | ||
| ISBN: | 978-7-121-26189-3 | |
| 000 | 01352nam0 2200325 450 | |
| 001 | 0109110234 | |
| 005 | 20201109150409.69 | |
| 010 | @a978-7-121-26189-3@dCNY35.00 | |
| 100 | @a20151101e20192015em y0chiy50 ea | |
| 101 | 0 | @achi |
| 102 | @aCN@b110000 | |
| 105 | @ay az 000yy | |
| 106 | @ar | |
| 200 | 1 | @a单片机的C语言程序设计与应用@Adan pian ji de C yu yan cheng xu she ji yu ying yong@e基于Proteus仿真@f姜志海, 赵艳雷, 陈松编著 |
| 205 | @a3版 | |
| 210 | @a北京@c电子工业出版社@d2015.07@h2019.11 | |
| 215 | @a231页@d26cm | |
| 300 | @a普通高等教育“十一五”国家级规划教材电子设计系列规划教材 | |
| 320 | @a有书目(第231页) | |
| 330 | @a本书以51系列单片机为硬件基础,以C51为软件编程基础,全面系统地介绍单片机的基本知识与应用。主要内容包括:单片机的C语言概述,51单片机硬件与C51编程基础,P0-P3口、中断系统、定时器/计数器、并行扩展、外部串行扩展的C51编程等。 | |
| 606 | 0 | @a单片微型计算机@Adan pian wei xing ji suan ji@xC语言@x程序设计@x高等学校@j教材 |
| 606 | 0 | @a单片微型计算机@Adan pian wei xing ji suan ji@x系统仿真@x应用软件@xPROTEUS@x高等学校@j教材 |
| 610 | 0 | @aPROTEUS@APROTEUS |
| 690 | @aTP312@v5 | |
| 690 | @aTP368.102.1-43@v5 | |
| 701 | 0 | @a姜志海@Ajiang zhi hai@4编著 |
| 701 | 0 | @a赵艳雷@Azhao yan lei@4编著 |
| 701 | 0 | @a陈松@Achen song@4编著 |
| 801 | 0 | @aCN@bBJSZM@c20201103 |
| 905 | @b1241503-6@dTP312@e1744=3@f4 | |
| 单片机的C语言程序设计与应用:基于Proteus仿真/姜志海, 赵艳雷, 陈松编著.-3版.-北京:电子工业出版社,2015.07(2019.11) |
| 231页;26cm |
| 普通高等教育“十一五”国家级规划教材电子设计系列规划教材 |
| ISBN 978-7-121-26189-3:CNY35.00 |
| 本书以51系列单片机为硬件基础,以C51为软件编程基础,全面系统地介绍单片机的基本知识与应用。主要内容包括:单片机的C语言概述,51单片机硬件与C51编程基础,P0-P3口、中断系统、定时器/计数器、并行扩展、外部串行扩展的C51编程等。 |
| ● |
| 相关链接 |
|
|
|
|
正题名:单片机的C语言程序设计与应用
索取号:TP312/1744=3
 
预约/预借
| 序号 | 登录号 | 条形码 | 馆藏地/架位号 | 状态 | 备注 |
| 1 | 1241503 | 212415037 | 第二样本阅览室/ [索取号:TP312/1744=3] | 在馆 | |
| 2 | 1241504 | 212415046 | 第三借阅区/ [索取号:TP312/1744=3] | 在馆 | |
| 3 | 1241505 | 212415055 | 第三借阅区/ [索取号:TP312/1744=3] | 在馆 | |
| 4 | 1241506 | 212415064 | 第三借阅区/ [索取号:TP312/1744=3] | 在馆 |